[Event "K41 Aabent Mesterskab 2008-09"]
[Site "Valby"]
[Date "2008.11.25"]
[Round "2"]
[White "Olesen, Poul Erik"]
[Black "Zmylon, Frederik Nielsen"]
[Result "0-1"]
[WhiteElo "1304"]
[BlackElo "1516"]
[PlyCount "58"]
[EventDate "2008.??.??"]

1. e4 c5 2. Nf3 Nc6 3. Bc4 e6 4. a3 d5 5. exd5 exd5 6. Be2 Nf6 7. d3 Be7 8. Bf4
O-O 9. O-O Re8 10. h3 Bd6 11. Bxd6 Qxd6 12. Re1 Bd7 13. Nbd2 Re7 14. c4 d4 15.
Ng5 Bf5 16. Qc2 Rae8 17. Ndf3 h6 18. Nh4 Qf4 19. Nxf5 Qxf5 20. Nf3 Nd7 21. Qd2
Nde5 22. Nh2 Nxd3 23. Bxd3 Rxe1+ 24. Rxe1 Rxe1+ 25. Qxe1 Qxd3 26. Qe8+ Kh7 27.
Qxf7 Na5 28. Ng4 Qg6 29. f4 Qxf7 0-1

[Event "K41 Aabent Mesterskab 2008-09"]
[Site "Valby"]
[Date "2008.11.25"]
[Round "2"]
[White "Ottosen, Peder"]
[Black "Ryberg, Denis"]
[Result "1-0"]
[WhiteElo "2050"]
[BlackElo "1773"]
[PlyCount "81"]
[EventDate "2008.??.??"]

1. d4 Nf6 2. c4 e6 3. Nc3 Bb4 4. e3 b6 5. Bd3 Bb7 6. f3 d6 7. Nge2 O-O 8. O-O
c5 9. Na4 cxd4 10. a3 b5 11. cxb5 Ba5 12. Nxd4 Nbd7 13. b4 Bb6 14. Nxb6 Qxb6
15. a4 Nd5 16. a5 Qc7 17. Bd2 Rac8 18. Qb3 Ne5 19. Rac1 Qd7 20. Be2 Rxc1 21.
Rxc1 Rc8 22. e4 Rxc1+ 23. Bxc1 Qc7 24. Bd2 Ne7 25. Qc2 Qxc2 26. Nxc2 d5 27. Be3
dxe4 28. Bxa7 exf3 29. gxf3 Nc8 30. Be3 Nxf3+ 31. Kf2 Ne5 32. a6 Bd5 33. b6 Nd7
34. b7 Nd6 35. Bf3 Ne4+ 36. Bxe4 Bxe4 37. Bc5 f5 38. Ne3 Kf7 39. Nc4 Kf6 40.
Nd6 Bd5 41. a7 1-0

[Event "K41 Aabent Mesterskab 2008-09"]
[Site "Valby"]
[Date "2008.11.25"]
[Round "2"]
[White "Rasmussen, Morten(1956)"]
[Black "Jorgensen, Rasmus"]
[Result "0-1"]
[WhiteElo "1724"]
[BlackElo "2036"]
[PlyCount "62"]
[EventDate "2008.??.??"]

1. d4 Nf6 2. Bg5 e6 3. Nd2 h6 4. Bh4 c5 5. c3 d5 6. e3 Nc6 7. Bd3 c4 8. Bc2 Be7
9. Ngf3 g5 10. Bg3 Nh5 11. e4 Nxg3 12. hxg3 Qc7 13. Qe2 dxe4 14. Bxe4 b5 15. a4
Ba6 16. axb5 Bxb5 17. Nxc4 Nxd4 18. cxd4 Bxc4 19. Qc2 Rc8 20. Rc1 Bb4+ 21. Nd2
Qa5 22. Rd1 Ba6 23. Qb1 Qb5 24. Bf3 Ke7 25. Qe4 f5 26. Qe3 Rhd8 27. Be2 Qxe2+
28. Qxe2 Bxe2 29. Kxe2 Rc2 30. Kd3 Rxb2 31. Rxh6 e5 0-1

[Event "K41 Aabent Mesterskab 2008-09"]
[Site "Valby"]
[Date "2008.11.25"]
[Round "2"]
[White "Sorensen, Dick"]
[Black "Nielsen, Jais Norgaard"]
[Result "1-0"]
[WhiteElo "1873"]
[BlackElo "1625"]
[PlyCount "93"]
[EventDate "2008.??.??"]

1. c4 Nf6 2. d4 e6 3. Nf3 Bb4+ 4. Bd2 Bxd2+ 5. Nbxd2 d5 6. e3 c6 7. Bd3 Nbd7 8.
O-O O-O 9. b3 c5 10. Rc1 b6 11. Ne5 Nxe5 12. dxe5 Nd7 13. f4 g6 14. cxd5 exd5
15. Qf3 Bb7 16. Qg3 Qe7 17. e4 d4 18. Nc4 Ba6 19. Rce1 Kh8 20. Qh3 g5 21. fxg5
Bxc4 22. Bxc4 Nxe5 23. Rf6 Nxc4 24. bxc4 Rad8 25. Qf5 Rd6 26. Rf1 Rxf6 27. gxf6
Qe6 28. Qxe6 fxe6 29. e5 h6 30. Kf2 Kh7 31. Kf3 Kg6 32. Ke4 Kf7 33. Rf3 Rg8 34.
g3 Rg4+ 35. Kd3 a6 36. h3 Rg5 37. Ke4 Rg8 38. Rb3 Rb8 39. a4 Rb7 40. a5 b5 41.
cxb5 axb5 42. a6 Ra7 43. Rxb5 Rxa6 44. Rxc5 Ra3 45. Kxd4 Rxg3 46. Rc7+ Kg6 47.
Rg7+ 1-0

[Event "K41 Aabent Mesterskab 2008-09"]
[Site "Valby"]
[Date "2008.11.25"]
[Round "2"]
[White "Wassmann, Martin"]
[Black "Pommerencke, Lars"]
[Result "0-1"]
[WhiteElo "1098"]
[BlackElo "1424"]
[PlyCount "48"]
[EventDate "2008.??.??"]

1. e4 c6 2. d4 d5 3. e5 Bf5 4. Nf3 e6 5. a3 c5 6. c3 cxd4 7. cxd4 a6 8. Be2 Ne7
9. Nh4 Bg6 10. Nxg6 hxg6 11. Bg5 Qb6 12. b4 Nbc6 13. Be3 Nf5 14. O-O Ncxd4 15.
Qa4+ Kd8 16. Bg4 Nxe3 17. fxe3 Nc6 18. Qb3 Nxe5 19. Be2 Rc8 20. Nd2 Be7 21. Nf3
Bf6 22. Nxe5 Bxe5 23. Rxf7 Bxa1 24. Qd3 Rc3 0-1

[Event "K41 Aabent Mesterskab 2008-09"]
[Site "Valby"]
[Date "2008.12.02"]
[Round "3"]
[White "Christensen, Aage Niels"]
[Black "Rasmussen, Morten(1956)"]
[Result "1/2-1/2"]
[WhiteElo "1463"]
[BlackElo "1724"]
[PlyCount "51"]
[EventDate "2008.??.??"]

1. e4 d5 2. exd5 Qxd5 3. Nc3 Qd6 4. Nf3 Nf6 5. d4 a6 6. h3 b5 7. Bd3 Bb7 8. Be3
Nbd7 9. Qd2 e6 10. O-O-O Be7 11. Rhe1 c5 12. dxc5 Qc6 13. b4 Nd5 14. Nd4 Qc8
15. Nxd5 Bxd5 16. Nb3 Bxg2 17. Rg1 Bf3 18. Rde1 O-O 19. Bh6 g6 20. Bxf8 Bxf8
21. Be4 Bxe4 22. Rxe4 Nf6 23. Rd4 Nd5 24. Rd1 Bg7 25. Rxd5 exd5 26. Qxd5
1/2-1/2

[Event "K41 Aabent Mesterskab 2008-09"]
[Site "Valby"]
[Date "2008.12.09"]
[Round "3"]
[White "Dyremose, Morten Sigvart"]
[Black "Nielsen, Jorgen Holmstrom"]
[Result "0-1"]
[WhiteElo "1123"]
[BlackElo "1591"]
[PlyCount "66"]
[EventDate "2008.??.??"]

1. e4 Nf6 2. Nc3 d5 3. exd5 Nxd5 4. Nxd5 Qxd5 5. d3 g6 6. Nf3 Bg7 7. c3 O-O 8.
Be2 c5 9. O-O Nc6 10. Be3 Ne5 11. Qd2 Rd8 12. Rfd1 Ng4 13. h3 Nxe3 14. Qxe3 Bd7
15. d4 c4 16. Qg5 Qxg5 17. Nxg5 b5 18. Bf3 Rab8 19. Be4 a5 20. a3 b4 21. Bd5 e6
22. Bxc4 bxc3 23. bxc3 Rdc8 24. Be2 Rxc3 25. Ne4 Rc7 26. d5 Bxa1 27. Rxa1 exd5
28. Nf6+ Kg7 29. Nxd5 Rc2 30. Bf3 Rbb2 31. Ne3 Rxf2 32. Nc4 Rbc2 33. Bd5 Be6
0-1

[Event "K41 Aabent Mesterskab 2008-09"]
[Site "Valby"]
[Date "2008.12.02"]
[Round "3"]
[White "Eiholt, Bjarne"]
[Black "Krogh, Soren"]
[Result "1-0"]
[WhiteElo "1578"]
[BlackElo "1243"]
[PlyCount "69"]
[EventDate "2008.??.??"]

1. d4 d5 2. c4 c6 3. Nc3 dxc4 4. e3 b5 5. Nxb5 Qa5+ 6. Nc3 Bf5 7. Bxc4 e6 8.
Nf3 Nf6 9. O-O Be7 10. Bd2 Qc7 11. Rc1 Bg4 12. Nb5 Qb6 13. Nc3 O-O 14. h3 Bh5
15. Be2 Na6 16. Na4 Qb7 17. g4 Bg6 18. Ne5 Rac8 19. Nxg6 hxg6 20. Bf3 Nd5 21.
a3 Qd7 22. Qe2 Nac7 23. Nc5 Bxc5 24. Rxc5 Nb5 25. Rfc1 Nd6 26. Qa6 Nb6 27. Bxc6
Qe7 28. Bb4 Qh4 29. Bg2 f5 30. Rxc8 Ndxc8 31. Bxf8 fxg4 32. Rxc8 Nxc8 33. Qxe6+
Kxf8 34. Qxc8+ Ke7 35. Qxg4 1-0

[Event "K41 Aabent Mesterskab 2008-09"]
[Site "Valby"]
[Date "2008.12.02"]
[Round "3"]
[White "Hou, Mads"]
[Black "Hansen, Frank R"]
[Result "1-0"]
[WhiteElo "1477"]
[BlackElo "1567"]
[PlyCount "69"]
[EventDate "2008.??.??"]

1. d4 d5 2. c4 c6 3. Nf3 Nf6 4. Nc3 Bf5 5. Qb3 Qc8 6. cxd5 cxd5 7. Bg5 e6 8.
Rc1 Nc6 9. e3 Bb4 10. Bb5 Ba5 11. O-O Nd7 12. Ne2 f6 13. Bf4 Ndb8 14. Nh4 Bg4
15. f3 Bh5 16. g4 Bf7 17. Bd6 Bc7 18. Ba3 a6 19. Bd3 b5 20. Bc5 Nd7 21. Qc2 Qb7
22. Ba3 Rc8 23. Bc5 h5 24. Bg6 Rh6 25. Bxh5 Bxh5 26. gxh5 Nxc5 27. dxc5 Ne5 28.
f4 Nc4 29. Rf3 Bb8 30. Nd4 Qf7 31. Qg2 Rxh5 32. Rg3 Nxe3 33. Rxe3 Bxf4 34.
Rxe6+ Qxe6 35. Nxe6 1-0

[Event "K41 Aabent Mesterskab 2008-09"]
[Site "Valby"]
[Date "2008.12.02"]
[Round "3"]
[White "Jorgensen, Kasper Moller"]
[Black "Ottosen, Peder"]
[Result "1-0"]
[WhiteElo "1932"]
[BlackElo "2050"]
[PlyCount "69"]
[EventDate "2008.??.??"]

1. e4 c5 2. Nf3 e6 3. d4 cxd4 4. Nxd4 a6 5. Nc3 Qc7 6. Bd3 Bc5 7. Nb3 Be7 8.
Qg4 g6 9. Bg5 h5 10. Qh4 Qd8 11. f4 f6 12. e5 fxg5 13. Bxg6+ Kf8 14. fxg5 Kg7
15. Bd3 Bxg5 16. Qe4 Ne7 17. h4 Nf5 18. hxg5 Qxg5 19. Rh3 Nc6 20. Nd2 Ng3 21.
Qf3 h4 22. Nce4 Nxe4 23. Nxe4 Qf5 24. Qxf5 exf5 25. Nd6 Nxe5 26. Bxf5 b5 27.
O-O-O Ra7 28. g3 Bb7 29. Nxb7 Rxb7 30. gxh4 Rc7 31. h5 Rh6 32. Rg3+ Kf6 33.
Rd6+ Kxf5 34. Rxh6 Ng4 35. Rxa6 1-0

[Event "K41 Aabent Mesterskab 2008-09"]
[Site "Valby"]
[Date "2008.12.02"]
[Round "3"]
[White "Jorgensen, Orla Eilegaard"]
[Black "Wadtland, Flemming"]
[Result "1-0"]
[WhiteElo "1390"]
[BlackElo "1232"]
[PlyCount "61"]
[EventDate "2008.??.??"]

1. f4 e5 2. fxe5 d6 3. exd6 Bxd6 4. Nf3 g5 5. g3 Qf6 6. Bg2 Be6 7. e4 Nc6 8. d4
Bg4 9. Bxg5 Qxg5 10. Nxg5 Bxd1 11. Kxd1 Nxd4 12. c3 Nc6 13. Rf1 Ne5 14. Nd2 h6
15. Ngf3 Ng4 16. Nc4 O-O-O 17. Ke2 b5 18. Nxd6+ Rxd6 19. h3 N4f6 20. e5 Re6 21.
Kd3 Nd7 22. Rae1 Ne7 23. h4 Rd8 24. Kc2 Rg6 25. Nd4 Rxg3 26. Bh1 Ng6 27. Rxf7
Ngxe5 28. Rh7 Rg6 29. Nxb5 Nf6 30. Rxc7+ Kb8 31. Rb7+ 1-0

[Event "K41 Aabent Mesterskab 2008-09"]
[Site "Valby"]
[Date "2008.12.02"]
[Round "3"]
[White "Jorgensen, Rasmus"]
[Black "Gjedde, Thomas"]
[Result "1/2-1/2"]
[WhiteElo "2036"]
[BlackElo "1966"]
[PlyCount "36"]
[EventDate "2008.??.??"]

1. e4 e5 2. Nf3 Nc6 3. d4 exd4 4. Nxd4 Bc5 5. Be3 Qf6 6. c3 Nge7 7. Bc4 Ne5 8.
Be2 Qg6 9. O-O d6 10. Kh1 Qxe4 11. Nd2 Qg6 12. Nb5 O-O 13. Bxc5 dxc5 14. Nxc7
Rb8 15. Nf3 N5c6 16. Bd3 Qf6 17. Qc2 Bf5 18. Bxf5 Qxf5 1/2-1/2

[Event "K41 Aabent Mesterskab 2008-09"]
[Site "Valby"]
[Date "2008.12.02"]
[Round "3"]
[White "Luedeking, John"]
[Black "Krull, Carl"]
[Result "1/2-1/2"]
[WhiteElo "1739"]
[BlackElo "1467"]
[PlyCount "68"]
[EventDate "2008.??.??"]

1. e4 e5 2. Nf3 Nc6 3. Bb5 a6 4. Ba4 Bc5 5. O-O d6 6. h3 Bd7 7. c3 Nf6 8. d4
Ba7 9. Bc2 h6 10. Be3 Ne7 11. dxe5 dxe5 12. Bxa7 Rxa7 13. Nxe5 Nc6 14. Nxd7
Qxd7 15. Qe2 Qe7 16. Nd2 O-O 17. Rfe1 Ne5 18. Qe3 b6 19. f4 Ng6 20. e5 Nd5 21.
Qe4 Ndxf4 22. Nf3 c5 23. Kh2 Re8 24. g3 Ne6 25. Nh4 Nef8 26. Nxg6 Nxg6 27. e6
f5 28. Qxf5 Nf8 29. Re2 Qf6 30. Qxf6 gxf6 31. Rae1 Rae7 32. Bb3 Ng6 33. Rf1 Ne5
34. Bd5 Rd8 1/2-1/2

[Event "K41 Aabent Mesterskab 2008-09"]
[Site "Valby"]
[Date "2008.12.02"]
[Round "3"]
[White "Nielsen, Frode Benedikt"]
[Black "Sorensen, Dick"]
[Result "1-0"]
[WhiteElo "1973"]
[BlackElo "1873"]
[PlyCount "67"]
[EventDate "2008.??.??"]

1. e4 c5 2. Nf3 e6 3. d4 cxd4 4. Nxd4 Nc6 5. Nc3 Qc7 6. Be3 Nf6 7. Bd3 a6 8.
O-O b5 9. f4 Bc5 10. Nf5 Bxe3+ 11. Nxe3 d6 12. Ng4 Nxg4 13. Qxg4 O-O 14. f5 Ne5
15. Qg3 f6 16. Rad1 b4 17. Ne2 exf5 18. exf5 d5 19. Nf4 Qc5+ 20. Kh1 Re8 21.
Nh5 Qf8 22. Be2 Bb7 23. Rd4 a5 24. Bb5 Re7 25. Nf4 Rc8 26. Ba4 Rc4 27. Rfd1
Rxd4 28. Rxd4 Qa8 29. Ne6 Nc4 30. Rg4 Rxe6 31. Rxg7+ Kh8 32. fxe6 Nxb2 33. Re7
Qg8 34. Re8 1-0

[Event "K41 Aabent Mesterskab 2008-09"]
[Site "Valby"]
[Date "2008.12.02"]
[Round "3"]
[White "Nielsen, Jais Norgaard"]
[Black "Sorensen, Hans Erik Then"]
[Result "1-0"]
[WhiteElo "1625"]
[BlackElo "1308"]
[PlyCount "29"]
[EventDate "2008.??.??"]

1. e4 c6 2. d4 d5 3. e5 g6 4. f4 Nh6 5. Nf3 Bg7 6. Bd3 Bf5 7. Bxf5 Nxf5 8. g4
Nh6 9. h3 e6 10. Be3 Nd7 11. Qd2 O-O 12. f5 exf5 13. Bxh6 Re8 14. Bxg7 Kxg7 15.
gxf5 1-0

[Event "K41 Aabent Mesterskab 2008-09"]
[Site "Valby"]
[Date "2008.12.02"]
[Round "3"]
[White "Nielsen, Jimmy O"]
[Black "Abildgaard, Kenneth"]
[Result "0-1"]
[WhiteElo "1767"]
[BlackElo "1796"]
[PlyCount "93"]
[EventDate "2008.??.??"]

1. d4 Nf6 2. c4 e6 3. Nc3 c5 4. d5 d6 5. e4 Nbd7 6. dxe6 fxe6 7. f3 Nh5 8. Be3
Qh4+ 9. Bf2 Qg5 10. Nb5 Qe5 11. Rb1 Kf7 12. Ne2 a6 13. Nbc3 Be7 14. g4 Nf4 15.
Bg3 g5 16. Qd2 Rf8 17. Nxf4 gxf4 18. Bxf4 Bh4+ 19. Ke2 Qd4 20. Qxd4 cxd4 21.
Nd1 e5 22. Bg3 Be7 23. Nf2 Nf6 24. Nd3 Be6 25. b3 Rac8 26. h3 b5 27. c5 Nd7 28.
cxd6 Bxd6 29. Kd2 a5 30. Be2 b4 31. Rhc1 Rc3 32. Kd1 a4 33. Rxc3 dxc3 34. bxa4
Bxa2 35. Rxb4 Bxb4 36. Nxb4 Bb3+ 37. Nc2 Ke6 38. a5 Ra8 39. a6 Nc5 40. Bf2 Nxa6
41. Kc1 Nb4 42. Bc4+ Bxc4 43. Nxb4 Bb3 44. Kb1 Rd8 45. Nd5 Bxd5 46. exd5+ Rxd5
47. h4 0-1

[Event "K41 Aabent Mesterskab 2008-09"]
[Site "Valby"]
[Date "2008.12.02"]
[Round "3"]
[White "Nielsen, Lars Emil Woetmann"]
[Black "Gjelstrup, Ole"]
[Result "1-0"]
[WhiteElo "1241"]
[BlackElo "1331"]
[PlyCount "75"]
[EventDate "2008.??.??"]

1. e4 c6 2. d4 d5 3. Nc3 dxe4 4. Nxe4 Nf6 5. Nxf6+ gxf6 6. Be3 Bf5 7. g4 Bg6 8.
Bg2 Nd7 9. Ne2 e6 10. h4 h6 11. Qd2 Nb6 12. b3 Nd5 13. c3 Nxe3 14. fxe3 Bg7 15.
Nf4 Qc7 16. O-O-O O-O-O 17. Nxg6 fxg6 18. Qc2 f5 19. Qe2 c5 20. Kb2 Rhe8 21.
gxf5 exf5 22. Qf3 Re4 23. h5 Qe7 24. hxg6 Rxe3 25. Qxf5+ Kb8 26. Bh3 cxd4 27.
cxd4 Re2+ 28. Kb1 Qa3 29. Qf4+ Be5 30. Qxe5+ Rxe5 31. dxe5 Re8 32. e6 Qb4 33.
Bf5 Rxe6 34. Rd8+ Kc7 35. g7 Re1+ 36. Rd1 Rxh1 37. Rxh1 Qf4 38. Bh7 1-0

[Event "K41 Aabent Mesterskab 2008-09"]
[Site "Valby"]
[Date "2009.01.13"]
[Round "3"]
[White "Nielsen, Soren Skovso"]
[Black "Kristensen, Steffen Michael"]
[Result "1-0"]
[WhiteElo "1556"]
[BlackElo "1164"]
[PlyCount "25"]
[EventDate "2008.??.??"]

1. e4 e5 2. Nf3 Nf6 3. Nc3 Bc5 4. h3 Nc6 5. d3 d5 6. exd5 Nxd5 7. Ne4 O-O 8.
Nxc5 Nd4 9. c3 Nf5 10. Be2 b6 11. Ne4 Nh4 12. Nxh4 Qxh4 13. Bg5 1-0

[Event "K41 Aabent Mesterskab 2008-09"]
[Site "Valby"]
[Date "2008.12.09"]
[Round "3"]
[White "Pommerencke, Lars"]
[Black "Karup, Jesper"]
[Result "1/2-1/2"]
[WhiteElo "1424"]
[BlackElo "1638"]
[PlyCount "62"]
[EventDate "2008.??.??"]

1. d4 e6 2. c4 Nf6 3. Nc3 Bb4 4. Qc2 b6 5. Bg5 h6 6. Bh4 Bb7 7. f3 d5 8. e3 c5
9. a3 Bxc3+ 10. bxc3 Nbd7 11. cxd5 exd5 12. Bb5 Rc8 13. Qd2 Bc6 14. Bxc6 Rxc6
15. Ne2 O-O 16. O-O Qc8 17. Qd3 Re8 18. Bf2 c4 19. Qb1 Rce6 20. Re1 Nb8 21. Ng3
Nc6 22. Ra2 Na5 23. Rae2 Nb3 24. e4 Qd8 25. Qb2 b5 26. exd5 Rxe2 27. Rxe2 Rxe2
28. Nxe2 Nxd5 29. Nc1 Nxc1 30. Qxc1 Qe7 31. Kf1 Kf8 1/2-1/2

[Event "K41 Aabent Mesterskab 2008-09"]
[Site "Valby"]
[Date "2008.12.09"]
[Round "3"]
[White "Ringsborg, Allan"]
[Black "Dyremose, Flemming"]
[Result "0-1"]
[WhiteElo "1641"]
[BlackElo "1459"]
[PlyCount "92"]
[EventDate "2008.??.??"]

1. Nf3 c5 2. c4 d6 3. Nc3 Nc6 4. g3 e6 5. Bg2 a6 6. a3 Nf6 7. d3 Be7 8. O-O O-O
9. Rb1 Qc7 10. b4 cxb4 11. axb4 b6 12. b5 axb5 13. Nxb5 Qd7 14. Nbd4 Rb8 15.
Nxc6 Qxc6 16. Nd4 Qe8 17. Nc6 Rb7 18. Be3 d5 19. cxd5 Nxd5 20. Nxe7+ Qxe7 21.
Bxd5 exd5 22. Bxb6 Bh3 23. Re1 Rfb8 24. Qa4 Rxb6 25. Rxb6 Rxb6 26. Qa8+ Qf8 27.
Qxd5 Be6 28. Qe4 Qb8 29. d4 Qd8 30. Ra1 Bd5 31. Qe5 Re6 32. Qf4 Rxe2 33. Rb1
Re8 34. h4 Qe7 35. Qe5 Qxe5 36. dxe5 g6 37. f4 Be6 38. Kf2 h5 39. Rd1 Rb8 40.
Rd2 Kf8 41. Ke2 Ke7 42. Kf2 Rb5 43. Ke3 Rd5 44. Rxd5 Bxd5 45. f5 gxf5 46. Kf4
Ke6 0-1

[Event "K41 Aabent Mesterskab 2008-09"]
[Site "Valby"]
[Date "2008.12.02"]
[Round "3"]
[White "Truelsen, Ole Illum"]
[Black "Christensen, Esben"]
[Result "0-1"]
[WhiteElo "1802"]
[BlackElo "1990"]
[PlyCount "84"]
[EventDate "2008.??.??"]

1. c4 c5 2. Nc3 Nf6 3. g3 d6 4. Bg2 g6 5. e3 Bg7 6. Nge2 O-O 7. O-O Nc6 8. d4
cxd4 9. Nxd4 Nxd4 10. exd4 Rb8 11. h3 a6 12. Be3 b6 13. Rc1 Bb7 14. Bxb7 Rxb7
15. Kh2 Nd7 16. Qa4 Qa8 17. b4 Rc8 18. Nd5 Nf6 19. Nxf6+ Bxf6 20. c5 h5 21.
cxb6 Rxb6 22. Rxc8+ Qxc8 23. Rc1 Qa8 24. d5 Rb5 25. Rc6 h4 26. Rxa6 hxg3+ 27.
fxg3 Qxd5 28. Ra8+ Kh7 29. Ra5 Rxa5 30. Qxa5 Qc4 31. Qa3 Qe2+ 32. Kg1 Qf3 33.
Qb3 Qxg3+ 34. Kf1 Qxh3+ 35. Ke2 Qg2+ 36. Kd3 d5 37. b5 Kg7 38. b6 Qe4+ 39. Kd2
d4 40. Bf2 Bg5+ 41. Kd1 d3 42. Qb2+ f6 0-1

[Event "K41 Aabent Mesterskab 2008-09"]
[Site "Valby"]
[Date "2008.12.02"]
[Round "3"]
[White "Zmylon, Frederik Nielsen"]
[Black "Hansen, Peter Steen"]
[Result "1-0"]
[WhiteElo "1516"]
[BlackElo "1124"]
[PlyCount "135"]
[EventDate "2008.??.??"]

1. e4 c5 2. Nf3 e6 3. d4 cxd4 4. Nxd4 a6 5. Nc3 Bc5 6. Nb3 Ba7 7. Be2 Nc6 8.
O-O d6 9. Bf4 e5 10. Bg3 Nf6 11. Bh4 h6 12. Bxf6 Qxf6 13. Nd5 Qd8 14. Qd2 Be6
15. Rad1 Bxd5 16. Qxd5 O-O 17. Qxd6 Qxd6 18. Rxd6 Rad8 19. Rfd1 Nd4 20. Rxd8
Rxd8 21. Nxd4 exd4 22. Kf1 Kf8 23. Bf3 Rc8 24. Rd2 b5 25. e5 Re8 26. Bb7 a5 27.
f4 b4 28. Rd3 Rb8 29. Bd5 Rb5 30. Bc4 Rc5 31. Rxd4 Rxe5 32. Rd8+ Re8 33. Rxe8+
Kxe8 34. c3 bxc3 35. bxc3 Ke7 36. Ke2 f6 37. Kd3 Kd6 38. Bb3 g5 39. g3 Bg1 40.
h4 gxf4 41. gxf4 Bh2 42. Ke4 Ke7 43. h5 Bg1 44. Kf5 Be3 45. c4 Kf7 46. Ke4 Bf2
47. c5+ Ke7 48. Kd5 Kd7 49. Ba4+ Kc7 50. c6 Be1 51. Ke6 Bc3 52. Kf5 Bd2 53. Ke4
Bc1 54. f5 Bb2 55. Kd5 Bc1 56. Bc2 Bb2 57. Be4 a4 58. Ke6 a3 59. Kf7 Bc3 60.
Kg6 Bd2 61. Kxf6 Kd8 62. Ke6 Bf4 63. f6 Ke8 64. f7+ Kf8 65. Bd5 Bc7 66. Kd7 Bf4
67. c7 Bxc7 68. Kxc7 1-0

[Event "K41 Aabent Mesterskab 2008-09"]
[Site "Valby"]
[Date "2009.01.06"]
[Round "4"]
[White "Abildgaard, Kenneth"]
[Black "Nielsen, Frode Benedikt"]
[Result "1/2-1/2"]
[WhiteElo "1796"]
[BlackElo "1973"]
[PlyCount "39"]
[EventDate "2008.??.??"]

1. e4 e5 2. Nf3 Nc6 3. Bc4 Nf6 4. Ng5 d5 5. exd5 b5 6. Bb3 Nd4 7. c3 Nxb3 8.
Qxb3 Qxd5 9. Qxd5 Nxd5 10. d3 h6 11. Nf3 Bd6 12. O-O O-O 13. c4 Nb4 14. Nc3
Nxd3 15. Nxb5 Nxc1 16. Raxc1 a6 17. Nxd6 cxd6 18. Rfd1 Rb8 19. b3 Rb6 20. c5
1/2-1/2

[Event "K41 Aabent Mesterskab 2008-09"]
[Site "Valby"]
[Date "2009.01.06"]
[Round "4"]
[White "Christensen, Esben"]
[Black "Jorgensen, Kasper Moller"]
[Result "0-1"]
[WhiteElo "1990"]
[BlackElo "1932"]
[PlyCount "56"]
[EventDate "2008.??.??"]

1. e4 c5 2. Nf3 Nc6 3. d4 cxd4 4. Nxd4 Nf6 5. Nc3 d6 6. Be2 e5 7. Nb3 Be7 8. g4
Be6 9. g5 Nd7 10. h4 a5 11. Be3 a4 12. Nd2 a3 13. b3 Qa5 14. Ncb1 Nc5 15. c3
Qc7 16. Qc1 d5 17. Nxa3 Rxa3 18. Bxc5 Bxc5 19. b4 Nxb4 20. cxb4 Rc3 21. Bb5+
Ke7 22. Qb2 Bd4 23. Qb1 Qb6 24. Be2 Bxf2+ 25. Kd1 Qd4 26. exd5 Qxd5 27. Rh2 Bg3
28. Qe4 Bxh2 0-1

[Event "K41 Aabent Mesterskab 2008-09"]
[Site "Valby"]
[Date "2009.01.06"]
[Round "4"]
[White "Dyremose, Flemming"]
[Black "Nielsen, Jais Norgaard"]
[Result "0-1"]
[WhiteElo "1459"]
[BlackElo "1625"]
[PlyCount "92"]
[EventDate "2008.??.??"]

1. d4 Nf6 2. c4 e6 3. Nc3 d5 4. Bg5 c6 5. Nf3 Bb4 6. Qb3 Qa5 7. Bxf6 gxf6 8.
cxd5 cxd5 9. a3 Bxc3+ 10. Qxc3 Qxc3+ 11. bxc3 b5 12. e3 Bd7 13. Bd3 a6 14. O-O
Nc6 15. Bc2 Ke7 16. Rfb1 Na5 17. Nd2 Rhc8 18. Nb3 Nb7 19. Nc1 Rxc3 20. Bd1 a5
21. Na2 Rcc8 22. Be2 Nd6 23. Kf1 Rab8 24. Rb3 Ne4 25. Ke1 a4 26. Rb2 Nc3 27.
Nb4 Nxe2 28. Kxe2 Ra8 29. Nd3 Rc4 30. Kd2 Rac8 31. g3 Kd6 32. f4 Rg8 33. Rg1 h5
34. Rbb1 Rg7 35. h3 Rc8 36. g4 Rcg8 37. Nf2 hxg4 38. hxg4 f5 39. g5 f6 40. Nh3
Rh7 41. Rg3 fxg5 42. Nxg5 Rh2+ 43. Kc3 Rc8+ 44. Kb4 Rc4+ 45. Ka5 Kc7 46. Nf3
Rh8 0-1

[Event "K41 Aabent Mesterskab 2008-09"]
[Site "Valby"]
[Date "2009.01.06"]
[Round "4"]
[White "Gjedde, Thomas"]
[Black "Truelsen, Ole Illum"]
[Result "1-0"]
[WhiteElo "1966"]
[BlackElo "1802"]
[PlyCount "91"]
[EventDate "2008.??.??"]

1. d4 e6 2. Nf3 f5 3. g3 Nf6 4. Bg2 d5 5. O-O Bd6 6. c4 c6 7. Nc3 Nbd7 8. Qd3
O-O 9. Bf4 Bxf4 10. gxf4 dxc4 11. Qxc4 Nb6 12. Qd3 Nbd5 13. e3 b6 14. Ne5 Bb7
15. Rac1 Qd6 16. a3 a5 17. Rfd1 b5 18. Rc2 Rfc8 19. Rdc1 Ba6 20. Qd2 Bb7 21.
Qe1 g6 22. Nb1 Kg7 23. Nd2 a4 24. Nd3 Rab8 25. Nc5 Ba8 26. Nf3 Nd7 27. Nxd7
Qxd7 28. Ne5 Qd6 29. Qd2 Bb7 30. Rc5 Ra8 31. Qc2 Ra6 32. Qd1 Raa8 33. R1c2 Rc7
34. Qf3 Rac8 35. Qg3 Rf8 36. h4 Kh8 37. Qg5 Kg8 38. h5 Ne7 39. Rc1 Kg7 40. Bf3
Rfc8 41. h6+ Kg8 42. Qf6 Nd5 43. Bxd5 cxd5 44. Nf7 Rxf7 45. Rxc8+ Bxc8 46.
Rxc8+ 1-0

[Event "K41 Aabent Mesterskab 2008-09"]
[Site "Valby"]
[Date "2009.01.06"]
[Round "4"]
[White "Hansen, Frank R"]
[Black "Nielsen, Lars Emil Woetmann"]
[Result "0-1"]
[WhiteElo "1567"]
[BlackElo "1241"]
[PlyCount "110"]
[EventDate "2008.??.??"]

1. d4 Nf6 2. c4 e6 3. Nc3 b6 4. e3 Bb7 5. Nf3 c5 6. Be2 d6 7. dxc5 bxc5 8. Qb3
Qc7 9. O-O Be7 10. Rd1 O-O 11. Nb5 Qc6 12. Ne1 e5 13. Bf3 e4 14. Be2 Nfd7 15.
f3 f5 16. fxe4 fxe4 17. Bg4 Rf6 18. Nc3 Ne5 19. Nd5 Kf7 20. Nxf6 gxf6 21. Bf5
Bc8 22. Bxc8 Qxc8 23. Bd2 Nbc6 24. a3 Rb8 25. Qc2 Qg4 26. Bc3 Rg8 27. b3 f5 28.
Qd2 Bh4 29. Bxe5 Nxe5 30. Qd5+ Ke8 31. Rd2 Be7 32. Qa8+ Kf7 33. Qxa7 Nf3+ 34.
Nxf3 exf3 35. g3 Qe4 36. Kf2 Ke6 37. Rad1 h5 38. Qa5 h4 39. Qc3 hxg3+ 40. hxg3
Rxg3 41. Kxg3 Qg4+ 42. Kh2 Qh4+ 43. Kg1 Qg3+ 44. Kh1 f2 45. Rxf2 Qxf2 46. Qd2
Qf3+ 47. Kg1 Qg4+ 48. Qg2 Qxd1+ 49. Kh2 Qh5+ 50. Kg1 Qg4 51. Qxg4 fxg4 52. Kg2
Kf5 53. b4 cxb4 54. axb4 Bd8 55. Kg3 Bc7 0-1

[Event "K41 Aabent Mesterskab 2008-09"]
[Site "Valby"]
[Date "2009.01.06"]
[Round "4"]
[White "Hansen, Peter Steen"]
[Black "Hou, Mads"]
[Result "1-0"]
[WhiteElo "1124"]
[BlackElo "1477"]
[PlyCount "47"]
[EventDate "2008.??.??"]

1. d4 Nf6 2. c4 e5 3. Nf3 exd4 4. Nxd4 Bb4+ 5. Bd2 Qe7 6. e3 O-O 7. Qb3 Bxd2+
8. Nxd2 Nc6 9. Nxc6 bxc6 10. Bd3 a5 11. h3 a4 12. Qc2 a3 13. O-O axb2 14. Qxb2
d6 15. a4 Be6 16. Rfb1 Nd7 17. a5 Ne5 18. Qc2 Qd7 19. Kf1 f5 20. a6 f4 21. exf4
Rxf4 22. a7 Nxd3 23. Rb8+ Kf7 24. Qxd3 1-0

[Event "K41 Aabent Mesterskab 2008-09"]
[Site "Valby"]
[Date "2009.01.06"]
[Round "4"]
[White "Karup, Jesper"]
[Black "Christensen, Aage Niels"]
[Result "1-0"]
[WhiteElo "1638"]
[BlackElo "1463"]
[PlyCount "61"]
[EventDate "2008.??.??"]

1. e4 e6 2. d3 c5 3. g3 Nc6 4. Bg2 h6 5. f4 Nf6 6. Nc3 d5 7. e5 Nd7 8. Nf3 Be7
9. O-O O-O 10. Qe2 f5 11. exf6 Rxf6 12. Bh3 Nf8 13. b3 Qe8 14. Bb2 Qh5 15. Bg2
Bd7 16. Rae1 Re8 17. Nd1 Rf7 18. Be5 Ng6 19. Qd2 Ngxe5 20. Nxe5 Nxe5 21. Rxe5
Rf5 22. g4 Qxg4 23. Ne3 Qh5 24. Nxf5 exf5 25. Bxd5+ Kf8 26. Bxb7 Qg6+ 27. Qg2
Qb6 28. c4 Rd8 29. Rxe7 Kxe7 30. Qxg7+ Kd6 31. Qe5# 1-0